| 000 | 01066nam a22002537a 4500 | ||
|---|---|---|---|
| 005 | 20231214153014.0 | ||
| 010 | _aHIN-126528 HIN-126565-66 | ||
| 020 |
_a9789386752291(vOL-1-3) _c1500.00(vol1-3) |
||
| 035 | _aHN-98874 | ||
| 035 | _aHN-98912 | ||
| 035 | _aHN-98911 | ||
| 037 | _bDBAD/PUB | ||
| 082 | _aक | ||
| 100 |
_aचौबे संतोष _959863 |
||
| 245 |
_aविज्ञानं कथा कोश / खंड -1-3 _cचौबे संतोष |
||
| 250 | _a1 | ||
| 260 |
_aभोपाल _bआईसेक्ट पब्लिकेशन _c2022 |
||
| 270 |
_aई-7/2, एसबीआई, अरेरा कॉलोनी , _bभोपाल _e462016 |
||
| 300 |
_a200पृष्ठ(vol-1), 176पृष्ठ(vol-2), 254पृष्ठ(vol-3) _c23(अजिल्द) |
||
| 490 | _vVol-1-3 | ||
| 710 |
_aचौबे संतोष _eप्रधान संपादक _959780 |
||
| 710 |
_aप्रसाद शुक्रदेव _eसंपादक _959781 |
||
| 942 |
_cHN _hक _2ddc _mचौबेसं |
||
| 999 |
_c199619 _d199619 |
||